Ледовая книга: пер. с эст.; Ледовая книга; Японское море, декабрь; Йынь с острова Кихну - дикий капитан; Полуденный паром

Podrobná bibliografie
Hlavní autor: Смуул Ю. Ю. Юхан Юрьевич
Další autoři: Тоом Л. (переводчик), Суровцев Ю. (автор послесловия), Папков М. (иллюстратор)
Jazyk:ruština
Vydáno: Москва, Известия, 1982
TOC:Ледовая книга;
Японское море, декабрь;
Йынь с острова Кихну - дикий капитан;
Полуденный паром;
Témata:
Médium: MixedMaterials Kniha
KOHA link:https://koha.lib.tpu.ru/cgi-bin/koha/opac-detail.pl?biblionumber=150053

MARC

LEADER 00000nam0a2200000 4500
001 150053
005 20231101221448.0
020 |a RU  |b 82-90330 
035 |a (RuTPU)RU\TPU\book\162664 
090 |a 150053 
100 |a 20081224d1982 m y0rusy5003 ca 
101 1 |a rus  |c est 
102 |a RU 
105 |a a z 001ay 
200 1 |a Ледовая книга  |e пер. с эст.  |f Ю. Ю. Смуул  |g пер. Л. Тоом ; авт. послесл. Ю. Суровцев ; худож. М. Папков 
210 |a Москва  |c Известия  |d 1982 
215 |a 576 с.  |c ил. 
320 |a Краткий пояснительный словарь: с. 572-575 
464 |t Ледовая книга  |o антарктический путевой дневник 
464 |t Японское море, декабрь  |o очерки 
464 |t Йынь с острова Кихну - дикий капитан  |o представление с песнями в пяти картинах 
464 |t Полуденный паром  |o киносценарий 
606 1 |a Эстонская литература  |2 stltpush  |3 (RuTPU)RU\TPU\subj\21450  |9 46446 
610 1 |a художественная литература 
610 1 |a дневники 
610 1 |a очерки 
610 1 |a пьесы 
610 1 |a киносценарии 
675 |a 894.545  |v 3 
700 1 |a Смуул  |b Ю. Ю.  |g Юхан Юрьевич 
702 1 |a Тоом  |b Л.  |4 730 
702 1 |a Суровцев  |b Ю.  |4 075 
702 1 |a Папков  |b М.  |4 440 
801 0 |a RU  |b RuMRKP  |c 19950704  |g psbo 
801 1 |a RU  |b 63413507  |c 20081224  |g PSBO 
801 2 |a RU  |b 63413507  |c 20200525  |g PSBO 
942 |c BK